000 00468nam a2200169Ia 4500
003 GCL
008 140319s9999 xx 000 0 ara d
040 _aGCL /
_cGCL
082 0 4 _aق
_b932.035
_bز ا
100 1 _aزكى يوسف سعد
245 1 0 _aاوناس آو الشمس الغاربة /
_cزكى يوسف سعد
490 _aكتاب
_v0
650 0 4 _aتاريخ قديم
650 0 4 _aمصر الفرعونية
650 0 4 _aاوناس
942 _2ddc
_cBK
999 _c42640
_d42640